| 000 | 00627nam a2200217 a 4500 | ||
|---|---|---|---|
| 008 | |||
| 020 | _a0859417301 (pbk.) | ||
| 049 | _aMAIN | ||
| 090 |
_aHG3881 _bRED |
||
| 100 | 1 | _aRedhead, Keith. | |
| 245 | 1 | 0 |
_aIntroduction to the international money markets / _cKeith Redhead. |
| 260 |
_aNew York : _bWoodhead-Faulkner, _c1992. |
||
| 300 |
_avii, 152 p. : _bill. ; _c23 cm. |
||
| 500 | _aIncludes index. | ||
| 650 | 0 | _aInternational finance. | |
| 907 |
_a.b10059738 _b11-04-08 _c17-04-03 |
||
| 003 | |||
| 005 | 20230123133557.0 | ||
| 040 | _cNUST | ||
| 942 |
_cBOOKS _kHG3881 _mRED |
||
| 999 |
_c150994 _d150994 |
||